OPAC | Catalogo Arcigay delle biblioteche LGBTQIA+

Il Catalogo di Arcigay delle Biblioteche LGBTQIA+ è un servizio fornito grazie alla collaborazione tra Arcigay nazionale e le associazioni locali aderenti al progetto che conservano e rendono pubbliche biblioteche a tema LGBTQIA+.

Oggetto sessuale / (Record no. 20631)

MARC details
000 -LEADER
campo di controllo lung. fissa 00591nam a22001937i 4500
001 - Numero di controllo
campo di controllo IT\ICCU\MOD\0300586
003 - Identificatore del numero di controllo
campo di controllo ItRI
005 - Data e orario dell'ultima transazione
campo di controllo 20260115232326.0
008 - Elementi di lunghezza fissa--Informazione generale
campo di controllo lung. fissa 010330s1977 it |||||| ||||| |||||c
040 ## - Fonte della catalogazione
Lingua della catalogazione ita
Agenzia che fa la trascrizione importazione bologna sebina
041 #7 - Codice di lingua
Codice di lingua del testo/traccia sonora o titolo separato ita
Fonte del codice ISO-639-2
100 1# - Accesso principale -- nome di persona
Nome di persona Milani, Milena
Numero del record di authority o numero standard IT\ICCU\CFIV\042952
Relazione: aut
240 10 - Titolo uniforme
Titolo uniforme Oggetto sessuale
-- IT\ICCU\RL1\0079885
9 (RLIN) Milani, Milena
245 10 - Formulazione del titolo
Titolo Oggetto sessuale /
Formulazione di responsabilità, ecc. Milena Milani.
260 ## - Pubblicazione, distribuzione, ecc. (stampa)
Luogo di pubblicazione, distribuzione, ecc. Milano :
Nome dell'editore, distributore, ecc. Rusconi,
Data di pubblicazione, distribuzione, ecc. c1977
300 ## - Descrizione fisica
Estensione 240 p. ;
Dimensioni 21 cm
830 #0 - Accesso aggiunto di serie--titolo uniforme
Titolo uniforme Playbook
Numero del record di authority o numero standard IT\ICCU\RAV\0077018
942 ## - Dati aggiuntivi (Koha)
Fonte della classificazione o dello schema di collocazione (segnatura) Classificazione decimale Dewey
Tipo copia default (Koha) Libri
Nasconto in Opac No
Holdings
Status ritirato Status smarrito: Status danneggiato: Escluso dal prestito Biblioteca di appartenenza Biblioteca corrente Data di acquisti Numero d'inventario Totale prestiti Collocazione Codice a barre Data ultima revisione Prezzo effettivo da Tipo copia default (Koha) Nota pubblica
        BOLOGNA | Centro di Documentazione "Flavia Madaschi" Cassero LGBTQIA+ Center BOLOGNA | Centro di Documentazione "Flavia Madaschi" Cassero LGBTQIA+ Center 15/01/2026 5270   DOC 858.914 MIL BO5270 15/01/2026 15/01/2026 Libri 1 v.
Se cerchi informazioni su Arcigay, le puoi trovare nel nostro sito: www.arcigay.it